[Event "Michigan Open Reserve"]
[Site "Flint, MI"]
[Date "1998.??.??"]
[Round "?"]
[White "Houser, Rick"]
[Black "Carl, Kevin"]
[Result "0-1"]
[WhiteElo "1605"]
[BlackElo "1605"]
[PlyCount "42"]
[EventDate "1998.09.??"]

1. e4 c5 2. Nf3 d6 3. d4 cxd4 4. Nxd4 Nf6 5. Nc3 a6 6. f3 e5 7. Nde2 Be6 8. Bg5
Nbd7 9. Bxf6 Nxf6 10. Qd2 Be7 11. f4 Qc7 12. f5 Bc4 13. Ng3 O-O 14. O-O-O Rac8
15. Bxc4 Qxc4 16. a3 Rfd8 17. Qd3 Qc6 18. Rd2 Qc7 19. Nd5 Nxd5 20. Qxd5 Bg5 21.
f6 Qxc2# 0-1

[Event "Michigan Beginners"]
[Site "Grand Rapids, MI"]
[Date "1998.??.??"]
[Round "?"]
[White "Horwood, Rob"]
[Black "Nolan, Matthew"]
[Result "0-1"]
[WhiteElo "1605"]
[BlackElo "1605"]
[PlyCount "152"]
[EventDate "1998.01.??"]

1. e4 c5 2. Nf3 d6 3. Nc3 Nf6 4. d4 cxd4 5. Nxd4 e5 6. Nf3 Be6 7. Ng5 Bd7 8.
Bc4 Be6 9. Bxe6 fxe6 10. Nxe6 Qe7 11. Nb5 Na6 12. Ng5 h6 13. Nf3 Nxe4 14. O-O
Nc7 15. Nxc7+ Qxc7 16. Re1 Qc6 17. Qd3 Nc5 18. Qc4 Be7 19. b3 d5 20. Qg4 O-O
21. Bb2 Bf6 22. Nxe5 Qd6 23. Rad1 Rae8 24. c4 Bxe5 25. Bxe5 Rxe5 26. g3 Rxe1+
27. Rxe1 dxc4 28. Qxc4+ Kh7 29. Rc1 Nd3 30. Rd1 Rd8 31. Qe4+ Kg8 32. Qc4+ Kh7
33. Qe4+ Qg6 34. Qxg6+ Kxg6 35. h4 Rd5 36. Kf1 Nb4 37. Re1 Nxa2 38. Re6+ Kf7
39. Re2 Nc3 40. Rc2 Rc5 41. f4 b6 42. b4 Rc4 43. Ke1 b5 44. Kd2 Nb1+ 45. Kc1
Rxc2+ 46. Kxc2 Na3+ 47. Kb3 Nc4 48. Kc3 Ke6 49. Kd4 Kd6 50. f5 Nb6 51. h5 Nd5
52. Ke4 Nf6+ 53. Kf3 Nxh5 54. g4 Nf6 55. Kf4 Nd5+ 56. Ke4 Nxb4 57. Kf4 a5 58.
g5 Nd5+ 59. Kg4 hxg5 60. Kxg5 Ke5 61. Kg6 b4 62. Kg5 b3 63. Kg6 b2 64. Kg5 b1=Q
65. Kg6 Qg1+ 66. Kf7 Qb6 67. Kxg7 Kxf5 68. Kf7 Qe6+ 69. Kg7 Qf6+ 70. Kh7 Qg6+
71. Kh8 Qh6+ 72. Kg8 Ne7+ 73. Kf7 Qf6+ 74. Ke8 Ke6 75. Kd8 Qc3 76. Ke8 Qc8# 0-1

[Event "Michigan Beginners"]
[Site "Grand Rapids, MI"]
[Date "1998.??.??"]
[Round "?"]
[White "Horwood, Rob"]
[Black "Nikitin, Matt"]
[Result "1/2-1/2"]
[WhiteElo "1605"]
[BlackElo "1605"]
[PlyCount "84"]
[EventDate "1998.01.??"]

1. e4 e5 2. Nf3 Nc6 3. Nc3 d6 4. Be2 Nf6 5. O-O g6 6. d3 Bg7 7. Bg5 O-O 8. a3
Be6 9. h3 Qd7 10. Re1 Rfe8 11. Nh4 d5 12. Bf3 d4 13. Nb5 a6 14. Bg4 Bxg4 15.
hxg4 axb5 16. Qd2 Nxg4 17. c3 Na5 18. Qd1 dxc3 19. bxc3 Bf6 20. Nf3 Bxg5 21.
Nxg5 Nf6 22. a4 bxa4 23. Rxa4 Nb3 24. Rxa8 Rxa8 25. Qxb3 b6 26. Rd1 h6 27. Nf3
Qe6 28. Qb5 Ra5 29. Qb4 Qd6 30. d4 Qxb4 31. cxb4 Rb5 32. dxe5 Nxe4 33. Rd4 Nc3
34. Rc4 Nd5 35. Nd4 Rxb4 36. Rxb4 Nxb4 37. f4 c5 38. e6 fxe6 39. Nxe6 c4 40.
Kf2 c3 41. Ke2 b5 42. Kd1 Kf7 1/2-1/2

[Event "Michigan Women's"]
[Site "Ann Arbor, MI"]
[Date "1998.??.??"]
[Round "?"]
[White "Horne, Terese"]
[Black "Waltz, I."]
[Result "1-0"]
[WhiteElo "1605"]
[BlackElo "1605"]
[PlyCount "65"]
[EventDate "1998.12.??"]

1. e4 e5 2. Nf3 Bc5 3. Nxe5 Nc6 4. Nxc6 dxc6 5. Bc4 Qf6 6. Qf3 Qe7 7. c3 Nf6 8.
d4 Nxe4 9. dxc5 Nxf2+ 10. Kxf2 O-O 11. Re1 Qh4+ 12. g3 Qxh2+ 13. Qg2 Qh3 14.
Qxh3 Bxh3 15. Bf4 Rae8 16. Rxe8 Rxe8 17. Bxc7 Rc8 18. Be5 Re8 19. Bd4 Bg4 20.
b4 Bh3 21. Nd2 b6 22. cxb6 axb6 23. Bxb6 Rb8 24. Re1 h5 25. Bd4 Kf8 26. Be5 Rc8
27. Nf3 Re8 28. Bxg7+ Kxg7 29. Rxe8 Bg4 30. a4 Bd7 31. Re5 Bg4 32. a5 Bxf3 33.
Kxf3 1-0

[Event "Lansing Mini-Swiss.2"]
[Site "Lansing, MI"]
[Date "1998.??.??"]
[Round "?"]
[White "Hooks, Jerry"]
[Black "Griffin, John"]
[Result "0-1"]
[WhiteElo "1605"]
[BlackElo "1605"]
[PlyCount "84"]
[EventDate "1998.??.??"]

1. c4 c5 2. Nf3 Nc6 3. Nc3 e6 4. d4 cxd4 5. Nxd4 Nxd4 6. Qxd4 a6 7. g3 Nf6 8.
Bg2 d6 9. O-O Be7 10. Bg5 h6 11. Bxf6 Bxf6 12. Qd3 Rb8 13. Rfd1 Be7 14. Ne4 d5
15. cxd5 exd5 16. Qxd5 Qxd5 17. Rxd5 O-O 18. b3 b6 19. Rad1 Be6 20. R5d4 Rbc8
21. Bf3 Rc2 22. R1d2 Rc1+ 23. Rd1 Rfc8 24. Kg2 f5 25. Rxc1 Rxc1 26. Nd6 g6 27.
Nc4 b5 28. Ne5 Kg7 29. Rd2 Bb4 30. Rd8 Rc2 31. a4 bxa4 32. bxa4 Ra2 33. Bc6
Rxe2 34. Ra8 Rxe5 35. Rxa6 Bc4 36. Ra7+ Kf6 37. Rb7 Re2 38. Rxb4 Rc2 39. a5 Rc1
40. Bb7 Bf1+ 41. Kf3 Rc3+ 42. Kf4 g5# 0-1

[Event "Lansing Mini-Swiss.2"]
[Site "Lansing, MI"]
[Date "1998.??.??"]
[Round "?"]
[White "Hooks, Jerry"]
[Black "Carl, Kevin"]
[Result "0-1"]
[WhiteElo "1605"]
[BlackElo "1705"]
[PlyCount "106"]
[EventDate "1998.??.??"]

1. c4 Nf6 2. Nc3 g6 3. g3 Bg7 4. Bg2 O-O 5. Nf3 d6 6. O-O e5 7. d4 Nbd7 8. dxe5
dxe5 9. Bg5 c6 10. Ne4 Qc7 11. Qd6 Qxd6 12. Nxd6 h6 13. Bxf6 Bxf6 14. e4 a5 15.
Rfd1 Nc5 16. Nxc8 Raxc8 17. Ne1 Rcd8 18. Nc2 Bg5 19. h4 Bd2 20. Kf1 Rd6 21. Ke2
Rfd8 22. Bf3 h5 23. Ne3 Bxe3 24. Kxe3 Kf8 25. Rxd6 Rxd6 26. Rd1 Ke7 27. Rxd6
Kxd6 28. Bg2 Na4 29. b3 Nb6 30. Bh3 Kc5 31. Kd3 Kb4 32. Kc2 Ka3 33. Kb1 a4 34.
c5 Na8 35. bxa4 Kxa4 36. Bc8 b5 37. Bb7 Nc7 38. Bxc6 Kb4 39. Kb2 Kxc5 40. Bb7
Kc4 41. a3 Kd3 42. Bd5 Ne6 43. Kb3 Nd4+ 44. Kb4 f5 45. exf5 gxf5 46. Bf7 Ke2
47. Bxh5+ Kxf2 48. Bg6 e4 49. Kc3 e3 50. Bh5 Nc6 51. Kd3 Ne5+ 52. Kc2 Nf3 53.
Bxf3 Kxf3 0-1

[Event "U.S. Amateur North"]
[Site "Detroit, MI"]
[Date "1998.??.??"]
[Round "?"]
[White "Hooker, Larry"]
[Black "Yeager, John"]
[Result "1/2-1/2"]
[WhiteElo "1605"]
[BlackElo "1605"]
[PlyCount "71"]
[EventDate "1998.05.??"]

{5/23} 1. e4 d6 2. d4 Bd7 3. Bc4 e6 4. Nc3 Nf6 5. Bg5 Be7 6. Nf3 h6 7. Bh4 c5
8. dxc5 dxc5 9. O-O Bc6 10. Qxd8+ Bxd8 11. Bxf6 gxf6 12. Bb5 a6 13. Bxc6+ Nxc6
14. a3 Nd4 15. Nxd4 cxd4 16. Ne2 Bb6 17. Rad1 O-O-O 18. Rd3 Kb8 19. Rfd1 e5 20.
Kh1 Rc8 21. Rc1 Rc6 22. Rd2 Rd8 23. f3 a5 24. g3 a4 25. f4 Ba5 26. Rd3 Rdc8 27.
c3 dxc3 28. Nxc3 Rc4 29. Re3 Rd8 30. fxe5 fxe5 31. Rf3 Bxc3 32. bxc3 Rdc8 33.
Rxf7 Rxc3 34. Rxc3 Rxc3 35. Rh7 Rxa3 36. Rxh6 1/2-1/2

[Event "U.S. Amateur North"]
[Site "Detroit, MI"]
[Date "1998.??.??"]
[Round "?"]
[White "Hooker, Larry"]
[Black "Wisckol, Richard"]
[Result "1/2-1/2"]
[WhiteElo "1605"]
[BlackElo "1905"]
[PlyCount "90"]
[EventDate "1998.05.??"]

{5/23} 1. e4 c5 2. Nc3 Nc6 3. Nf3 g6 4. d4 cxd4 5. Nxd4 Bg7 6. Be3 Nf6 7. Bc4
O-O 8. O-O Nxe4 9. Bxf7+ Rxf7 10. Nxe4 Qc7 11. c3 a6 12. Qb3 e6 13. Ng5 Rf8 14.
Qc4 b5 15. Qc5 Bxd4 16. cxd4 Rf5 17. Qc2 Qd8 18. f4 Bb7 19. Ne4 Nb4 20. Qb3
Bxe4 21. Qxb4 Qc7 22. Rac1 Qb7 23. g4 Rff8 24. Qd6 Rac8 25. Qe5 Rxc1 26. Rxc1
Bh1 27. Rc2 Bf3 28. Rc7 Qd5 29. Qxd5 Bxd5 30. Rxd7 Bxa2 31. Ra7 Rc8 32. Rxa6
Bc4 33. Rb6 Ra8 34. Bd2 Ra1+ 35. Kg2 Ra7 36. Bc3 Kf7 37. Kg3 Ra1 38. b3 Rg1+
39. Kf2 Rf1+ 40. Kg2 Bd3 41. g5 Rxf4 42. Kg3 Rf5 43. h4 Be2 44. Rb7+ Kg8 45.
Rb8+ Rf8 1/2-1/2

[Event "Cadillac Marathon"]
[Site "Cadillac, MI"]
[Date "1998.??.??"]
[Round "?"]
[White "Hogarth, Frank"]
[Black "Palacios, J."]
[Result "0-1"]
[WhiteElo "1605"]
[BlackElo "1605"]
[PlyCount "62"]
[EventDate "1998.??.??"]

1. e4 e5 2. Nf3 Nc6 3. Bc4 h6 4. O-O Nf6 5. d3 a6 6. Nc3 Bc5 7. Nd5 d6 8. Nh4
Nxd5 9. Bxd5 Qxh4 10. Qf3 O-O 11. a3 Nd4 12. Qd1 c6 13. Bc4 Be6 14. Be3 b5 15.
b4 Ba7 16. c3 Bxc4 17. g3 Qf6 18. dxc4 Nf3+ 19. Kg2 Ng5 20. f4 Nxe4 21. fxe5
Qxe5 22. Qd3 Nxc3 23. Rae1 bxc4 24. Qxc4 Nd5 25. Rf3 Bxe3 26. Qxc6 Rfc8 27. Qd7
Rc7 28. Qg4 Nf6 29. Qh3 Rc2+ 30. Kf1 Qb5+ 31. Re2 Qxe2# 0-1

[Event "Cadillac Marathon"]
[Site "Cadillac, MI"]
[Date "1998.??.??"]
[Round "?"]
[White "Hogarth, Frank"]
[Black "Mitchell, Dave"]
[Result "0-1"]
[WhiteElo "1605"]
[BlackElo "1605"]
[PlyCount "50"]
[EventDate "1998.??.??"]

1. e4 d6 2. d4 Nf6 3. Nc3 c6 4. d5 Qa5 5. Bc4 Nxe4 6. Bd2 Nxd2 7. Qxd2 Nd7 8.
Nf3 g6 9. O-O Bg7 10. Rfe1 Qd8 11. Re3 O-O 12. Rae1 Re8 13. R1e2 Bh6 14. Qe1
Bxe3 15. Rxe3 Nf6 16. Ng5 h6 17. Nxf7 Kxf7 18. dxc6+ Kg7 19. Nd5 e5 20. f4 bxc6
21. Nxf6 Qxf6 22. Qa5 d5 23. Qc7+ Re7 24. fxe5 Rxc7 25. exf6+ Kxf6 0-1

[Event "Cadillac Marathon"]
[Site "Cadillac, MI"]
[Date "1998.??.??"]
[Round "?"]
[White "Hogarth, Frank"]
[Black "Croel, Duane"]
[Result "0-1"]
[WhiteElo "1605"]
[BlackElo "1765"]
[PlyCount "36"]
[EventDate "1998.??.??"]

1. e4 c5 2. Bc4 a6 3. Nf3 e6 4. d4 b5 5. Bf4 bxc4 6. Ng5 Nf6 7. e5 Nd5 8. Bd2
cxd4 9. Qf3 f5 10. exf6 Qxf6 11. Qxf6 Nxf6 12. Na3 c3 13. bxc3 dxc3 14. Bxc3
Bxa3 15. O-O Bb7 16. Rab1 Bd5 17. Be5 Nc6 18. f3 Nxe5 0-1

[Event "Michigan Class A"]
[Site "Grand Rapids, MI"]
[Date "1998.??.??"]
[Round "?"]
[White "Hobbs, Raymond"]
[Black "Turner, Keita"]
[Result "0-1"]
[WhiteElo "1895"]
[BlackElo "1845"]
[PlyCount "82"]
[EventDate "1998.01.??"]

1. d4 Nf6 2. c4 g6 3. Nc3 Bg7 4. e4 d6 5. f3 O-O 6. Be3 e5 7. d5 c6 8. Bd3 cxd5
9. exd5 Nh5 10. Nge2 f5 11. Qd2 Nd7 12. O-O-O a6 13. g4 fxg4 14. fxg4 Nf4 15.
Nxf4 exf4 16. Bxf4 Nc5 17. Be2 Bxc3 18. bxc3 Ne4 19. Qe3 Nxc3 20. Qxc3 Rxf4 21.
h3 Qg5 22. Kb1 Rf2 23. Qd2 Qe5 24. Rde1 Bd7 25. Rhf1 Raf8 26. Rxf2 Rxf2 27. Qb2
Qe4+ 28. Qc2 Qe5 29. Qb2 Qe7 30. Qc2 b5 31. Qd1 Qe5 32. Qd2 bxc4 33. Qb2 c3 34.
Qb8+ Be8 35. Qc8 Rxe2 36. Rxe2 Qxe2 37. Qxc3 Qd1+ 38. Kb2 Qxd5 39. Qc8 Qb5+ 40.
Ka1 Qc6 41. Qe6+ Bf7 0-1

[Event "Michigan Class A"]
[Site "Grand Rapids, MI"]
[Date "1998.??.??"]
[Round "?"]
[White "Hobbs, Raymond"]
[Black "Triplett, Thomas"]
[Result "1-0"]
[WhiteElo "1895"]
[BlackElo "1835"]
[PlyCount "115"]
[EventDate "1998.01.??"]

1. d4 Nf6 2. c4 e6 3. Nc3 Bb4 4. e3 b6 5. Bd3 Bb7 6. f3 Bxc3+ 7. bxc3 O-O 8.
Ba3 Re8 9. Ne2 e5 10. e4 Nh5 11. O-O Nf4 12. Nxf4 exf4 13. Qd2 Qh4 14. Qf2
Qxf2+ 15. Rxf2 d6 16. g3 fxg3 17. hxg3 Nc6 18. Rh2 Ba6 19. e5 Na5 20. Bxh7+ Kf8
21. Be4 Rad8 22. Rh8+ Ke7 23. exd6+ cxd6 24. Rxe8+ Kxe8 25. c5 Nc4 26. Bc6+ Kf8
27. Bb4 dxc5 28. dxc5 b5 29. Be4 Kg8 30. Re1 Bc8 31. c6 g6 32. Be7 Re8 33. Bf6
Nd2 34. Kf2 Re6 35. Bd5 Rxf6 36. Re8+ Kg7 37. Rxc8 Nb1 38. Rc7 Nxc3 39. Rxf7+
Rxf7 40. Bxf7 Na4 41. c7 Nb6 42. Be6 Kf6 43. c8=Q Nxc8 44. Bxc8 a5 45. Ke3 Ke5
46. Bd7 b4 47. Ba4 Kd5 48. Kd3 Kc5 49. f4 Kd5 50. Bb3+ Kc5 51. Bf7 a4 52. g4 a3
53. Kc2 Kd4 54. Bxg6 Kd5 55. Kb3 Ke6 56. g5 Ke7 57. f5 Kf8 58. f6 1-0

[Event "Kalamazoo Mini-Swiss.2"]
[Site "Kalamazoo, MI"]
[Date "1998.??.??"]
[Round "?"]
[White "Higgins, Richard"]
[Black "Smeltzer, P."]
[Result "1-0"]
[WhiteElo "1605"]
[BlackElo "1605"]
[PlyCount "63"]
[EventDate "1998.??.??"]

1. e4 c5 2. d4 cxd4 3. c3 e5 4. cxd4 Qa5+ 5. Bd2 Qb6 6. dxe5 Qxb2 7. Nc3 Nc6 8.
Rb1 Qa3 9. Nb5 Qc5 10. Nc7+ Kd8 11. Nxa8 Qxe5 12. Nf3 Qxe4+ 13. Be2 f6 14. O-O
g5 15. Re1 Qd5 16. Rc1 g4 17. Bc4 Qh5 18. Bf4 Nge7 19. Qd6 Qa5 20. Qxf6 Bg7 21.
Qxg7 Re8 22. Bc7+ Qxc7 23. Nxc7 Kxc7 24. Bb5 Nf5 25. Qxg4 Rf8 26. Ne5 Nfd4 27.
Qxd4 Kb8 28. Qd6+ Ka8 29. Qxf8 Kb8 30. Nxd7+ Kc7 31. Qf4+ Kxd7 32. Rcd1# 1-0

[Event "Kalamazoo Mini-Swiss.2"]
[Site "Kalamazoo, MI"]
[Date "1998.??.??"]
[Round "?"]
[White "Higgins, Richard"]
[Black "Roth, Bruce"]
[Result "0-1"]
[WhiteElo "1605"]
[BlackElo "1605"]
[PlyCount "54"]
[EventDate "1998.??.??"]

1. e4 c6 2. d4 d5 3. Nc3 dxe4 4. Nxe4 Bf5 5. Bd3 e6 6. Be3 Nd7 7. Ng3 Bxd3 8.
Qxd3 Ngf6 9. N1e2 Bd6 10. h3 Qc7 11. O-O O-O-O 12. c4 b6 13. a3 Kb7 14. b4 Bxg3
15. fxg3 e5 16. a4 exd4 17. Bf4 Ne5 18. Bxe5 Qxe5 19. b5 cxb5 20. Rf3 b4 21.
Rd1 Rd7 22. Rf4 Qd6 23. Qxd4 Qc5 24. Qxc5 Rxd1+ 25. Kf2 bxc5 26. Rf5 Kc6 27.
Nf4 b3 0-1

[Event "Kalamazoo Mini-Swiss.2"]
[Site "Kalamazoo, MI"]
[Date "1998.??.??"]
[Round "?"]
[White "Higgins, Richard"]
[Black "Bennett, D."]
[Result "0-1"]
[WhiteElo "1605"]
[BlackElo "1605"]
[PlyCount "84"]
[EventDate "1998.??.??"]

1. e4 c5 2. d4 cxd4 3. c3 dxc3 4. Nxc3 d6 5. a3 Nf6 6. Bg5 Nbd7 7. Bb5 e6 8.
Qf3 Be7 9. Nge2 O-O 10. Rd1 Ne5 11. Qf4 Qb6 12. Bxf6 Bxf6 13. Qe3 Qxe3 14. fxe3
Rd8 15. O-O a6 16. Bd3 b5 17. Nd4 Ng4 18. Rf3 Nxe3 19. Nxe6 Bxe6 20. Rxe3 Bd4
21. Rde1 Rac8 22. Kh1 Bxe3 23. Rxe3 g6 24. Ne2 Bc4 25. h3 Bxd3 26. Rxd3 Rc4 27.
Nc3 b4 28. axb4 Rxb4 29. Nd5 Rxb2 30. e5 Kf8 31. Nf6 Ke7 32. Nd5+ Ke6 33. exd6
Rxd6 34. Nf4+ Ke5 35. Rf3 Ke4 36. h4 Rdd2 37. Kh2 Rxg2+ 38. Nxg2 Kxf3 39. h5
Rxg2+ 40. Kh3 Rg1 41. Kh2 Rg5 42. h6 a5 0-1

[Event "Kalamazoo Mini-Swiss.2"]
[Site "Kalamazoo, MI"]
[Date "1998.??.??"]
[Round "?"]
[White "Hess, Michael"]
[Black "Mooney, Robert"]
[Result "1-0"]
[WhiteElo "1605"]
[BlackElo "1605"]
[PlyCount "61"]
[EventDate "1998.??.??"]

1. e4 d5 2. exd5 Qxd5 3. Nc3 Qe6+ 4. Be2 Qd7 5. Nf3 e6 6. d4 Bb4 7. Bd2 Ne7 8.
Ne5 Qxd4 9. Nf3 Qd8 10. O-O Bxc3 11. Bxc3 Qxd1 12. Raxd1 O-O 13. Rd3 Ng6 14.
Rfd1 Nc6 15. b4 Nf4 16. R3d2 Nxe2+ 17. Rxe2 Rd8 18. Rxd8+ Nxd8 19. Rd2 Bd7 20.
Rxd7 c6 21. Ne5 Kf8 22. a4 a6 23. Bd4 f6 24. Nc4 Ke8 25. Rxg7 Nf7 26. Rg8+ Ke7
27. Bc5+ Kd7 28. Nb6+ Kc7 29. Nxa8+ Kd7 30. Nb6+ Kc7 31. Rc8# 1-0

[Event "Michigan Amateur"]
[Site "Kalamazoo "]
[Date "1998.??.??"]
[Round "?"]
[White "Hess, Michael"]
[Black "Johnson, Donta"]
[Result "0-1"]
[WhiteElo "1605"]
[BlackElo "1605"]
[PlyCount "68"]
[EventDate "1998.07.??"]

{7/18} 1. e4 e5 2. Nf3 Nc6 3. Bb5 a6 4. Ba4 Nf6 5. O-O Be7 6. Re1 b5 7. Bb3 O-O
8. c3 d6 9. h3 Na5 10. Bc2 c5 11. d4 Qc7 12. Nbd2 Nc6 13. Nf1 exd4 14. cxd4
cxd4 15. Nxd4 Nxd4 16. Qxd4 Qxc2 17. Bg5 Qc5 18. Qd2 Nxe4 19. Rxe4 Qxg5 20. Qe2
Bxh3 21. g3 Bxf1 22. Qxf1 Bd8 23. Qg2 Bb6 24. Rae1 Rac8 25. Qh3 g6 26. Rg4 Qd2
27. Qf1 Rc2 28. Rf4 Rfc8 29. Re7 f5 30. Kh2 Bxf2 31. Kh3 Be3 32. Qh1 Bxf4 33.
gxf4 R8c3+ 34. Kh4 Qxf4# 0-1

[Event "U.S. Amateur North"]
[Site "Detroit, MI"]
[Date "1998.??.??"]
[Round "?"]
[White "Hess, Michael"]
[Black "Failor, Michael"]
[Result "0-1"]
[WhiteElo "1605"]
[BlackElo "1605"]
[PlyCount "96"]
[EventDate "1998.05.??"]

{5/23} 1. e4 c5 2. Nf3 d6 3. d4 cxd4 4. Nxd4 Nf6 5. Nc3 e6 6. Bg5 Nc6 7. Nb3 a6
8. f4 h6 9. Bh4 Bd7 10. Bd3 b5 11. Qf3 Be7 12. O-O-O O-O 13. g4 e5 14. g5 hxg5
15. Bxg5 Bg4 16. Qg3 exf4 17. Qxf4 Bxd1 18. Bxf6 Bxf6 19. Kxd1 b4 20. Nd5 Bxb2
21. Rg1 Be5 22. Qh6 Ne7 23. Ne3 Ng6 24. Qh5 Nf4 25. Qh6 Qf6 26. Qxf6 Bxf6 27.
Nc4 Nxd3 28. cxd3 Be5 29. d4 Bxh2 30. Rg4 Rad8 31. Ke2 d5 32. exd5 Rxd5 33. Re4
Bc7 34. Ne3 Rdd8 35. d5 Rfe8 36. Rxb4 Rxd5 37. Rc4 Bb6 38. Kf3 Rxe3+ 39. Kf4
g5+ 40. Kg4 f5+ 41. Kxg5 Rg3+ 42. Kh6 Rd6+ 43. Kh5 Be3 44. Kh4 Bf2 45. Rc8+ Kf7
46. Rc7+ Kf6 47. Rc2 Rxb3+ 48. Rxf2 Rd4+ 0-1

[Event "Michigan Amateur"]
[Site "Kalamazoo "]
[Date "1998.??.??"]
[Round "?"]
[White "Hess, Michael"]
[Black "Belill, Mike"]
[Result "0-1"]
[WhiteElo "1605"]
[BlackElo "1605"]
[PlyCount "60"]
[EventDate "1998.07.??"]

{7/19} 1. e4 e6 2. d4 c5 3. Nf3 cxd4 4. Nxd4 Nf6 5. Nc3 a6 6. f4 d6 7. Bd3 Be7
8. Qf3 Nc6 9. Nde2 Bd7 10. a3 b5 11. Bd2 Qc7 12. g4 b4 13. axb4 Nxb4 14. g5
Nxd3+ 15. Qxd3 Nh5 16. Rxa6 O-O 17. Rxa8 Rxa8 18. O-O Qb6+ 19. Kh1 Qxb2 20. Rb1
Ra1 21. Rxa1 Qxa1+ 22. Nc1 Qa7 23. Nb5 Qc5 24. Nc3 d5 25. Nb3 Qc7 26. exd5 Nxf4
27. Bxf4 Qxf4 28. dxe6 Bc6+ 29. Nd5 Bxd5+ 30. Qxd5 Qf1# 0-1

[Event "Kalamazoo Mini-Swiss.2"]
[Site "Kalamazoo, MI"]
[Date "1998.??.??"]
[Round "?"]
[White "Hess, Michael"]
[Black "Babcock, John"]
[Result "1-0"]
[WhiteElo "1605"]
[BlackElo "1605"]
[PlyCount "98"]
[EventDate "1998.??.??"]

1. e4 c5 2. Nf3 g6 3. Bc4 e6 4. d4 cxd4 5. Qxd4 Qf6 6. e5 Qe7 7. Be3 Nc6 8. Qd3
Bg7 9. Bf4 Qb4+ 10. Qc3 Nge7 11. O-O Qxc3 12. Nxc3 a6 13. a4 b6 14. Ne4 Nf5 15.
c3 Bb7 16. Rfd1 Na5 17. Bd3 O-O 18. Nfg5 Bxe4 19. Nxe4 Rfc8 20. Nf6+ Bxf6 21.
exf6 Nb3 22. Ra3 Nc5 23. Bxf5 exf5 24. f3 Ra7 25. b4 Ne6 26. Be3 Rb7 27. Rd6
Rc6 28. Rxc6 dxc6 29. c4 f4 30. Bf2 h6 31. Rd3 Kh7 32. g4 g5 33. Rd6 c5 34.
bxc5 bxc5 35. Rxa6 Rb4 36. h4 Kg6 37. a5 Rxc4 38. Rb6 Kxf6 39. a6 Ra4 40. Bxc5
Ke5 41. Bb4 Nc7 42. Bd6+ Kd5 43. Bxc7 Ra3 44. Rxh6 Rxf3 45. a7 Ra3 46. Bb6 Ra1+
47. Kg2 Ra2+ 48. Bf2 Ke4 49. Rh8 gxh4 1-0

[Event "Michigan Class C"]
[Site "Grand Rapids, MI"]
[Date "1998.??.??"]
[Round "?"]
[White "Hernquist, D."]
[Black "Bloch, Hermann"]
[Result "1-0"]
[WhiteElo "1605"]
[BlackElo "1605"]
[PlyCount "71"]
[EventDate "1998.01.??"]

1. e4 e6 2. d4 d5 3. Be3 dxe4 4. Nd2 Nf6 5. f3 Nd5 6. Qe2 Nxe3 7. Qxe3 exf3 8.
Ngxf3 Be7 9. Bd3 Bh4+ 10. g3 Bf6 11. O-O Nc6 12. c3 Ne7 13. c4 h6 14. Ne4 Nc6
15. Nxf6+ gxf6 16. d5 Ne7 17. dxe6 Bxe6 18. Rad1 Qc8 19. Nd4 Qd7 20. Nxe6 Qxe6
21. Qxe6 fxe6 22. Rxf6 O-O-O 23. Rxe6 Nf5 24. Bxf5 Rxd1+ 25. Re1+ Kb8 26. Rxd1
b6 27. Kf2 h5 28. h3 c6 29. b4 Rf8 30. g4 Kb7 31. Rd7+ Kb8 32. Rh7 hxg4 33.
hxg4 a5 34. bxa5 bxa5 35. Ke3 Rd8 36. Rd7 1-0

[Event "Michigan Class C"]
[Site "Grand Rapids, MI"]
[Date "1998.??.??"]
[Round "?"]
[White "Hernquist, D."]
[Black "Asbury, Victor"]
[Result "1-0"]
[WhiteElo "1605"]
[BlackElo "1605"]
[PlyCount "35"]
[EventDate "1998.01.??"]

1. e4 c5 2. Nf3 Nc6 3. d4 cxd4 4. Nxd4 g6 5. Bc4 Bg7 6. Be3 Nf6 7. Nc3 O-O 8.
f3 a6 9. Qd2 Qc7 10. Bb3 Na5 11. Bh6 Qc5 12. Bxg7 Kxg7 13. O-O-O b5 14. Nd5
Nxd5 15. Bxd5 Nc4 16. Qc3 Ra7 17. Ne6+ Kg8 18. Qg7# 1-0

[Event "U.S. Amateur North"]
[Site "Detroit, MI"]
[Date "1998.??.??"]
[Round "?"]
[White "Henry, Robynne"]
[Black "Hayley, Robert"]
[Result "1-0"]
[WhiteElo "1605"]
[BlackElo "1605"]
[PlyCount "67"]
[EventDate "1998.05.??"]

{5/23} 1. e4 e5 2. Nf3 Nc6 3. d3 Nf6 4. Nc3 Bc5 5. Bg5 O-O 6. Be2 d5 7. Nxd5
Qd6 8. Nxf6+ gxf6 9. Bh6 Re8 10. Qd2 Nd4 11. Nxd4 Qxd4 12. O-O Kh8 13. Be3 Qd6
14. Bxc5 Qxc5 15. Rac1 Rg8 16. Qh6 Qc6 17. Kh1 Be6 18. Qxf6+ Rg7 19. f4 Bxa2
20. fxe5 Qxf6 21. exf6 Rg6 22. Bh5 Rg5 23. Be2 Rb5 24. b3 Rd8 25. Ra1 Ra5 26.
Rf5 b5 27. Rc5 Rd7 28. Kg1 Rd6 29. e5 Rd7 30. Bg4 Rd4 31. Bf3 Rd7 32. Bc6 Rd4
33. Rxb5 Rxb5 34. Bxb5 {[Remainder illegible]} 1-0

[Event "U.S. Amateur North"]
[Site "Detroit, MI"]
[Date "1998.??.??"]
[Round "?"]
[White "Henry, Robynne"]
[Black "Gentry, Loyd"]
[Result "0-1"]
[WhiteElo "1605"]
[BlackElo "1755"]
[PlyCount "84"]
[EventDate "1998.05.??"]

{5/24} 1. e4 c5 2. Nf3 a6 3. Nc3 e6 4. d3 Nc6 5. Be2 h6 6. Bf4 Be7 7. d4 cxd4
8. Nxd4 Qb6 9. Nxc6 bxc6 10. Rb1 d5 11. exd5 cxd5 12. Be5 Nf6 13. Qd4 Qxd4 14.
Bxd4 O-O 15. O-O Bd7 16. a3 Rfc8 17. Bd3 Nh5 18. Ne2 Bb5 19. Bc3 Bxd3 20. cxd3
Nf6 21. f3 Nd7 22. d4 Nb6 23. Rfc1 Rab8 24. Kf2 Na4 25. f4 Nxc3 26. Rxc3 Rxc3
27. Nxc3 Rb3 28. a4 Bb4 29. Ne2 Ba3 30. Nc1 Rxb2+ 31. Rxb2 Bxb2 32. Nb3 Kf8 33.
Ke3 Ba3 34. h3 Ke7 35. g4 f6 36. h4 Kd6 37. f5 e5 38. h5 Bb2 39. Kd3 exd4 40.
Nxd4 Bxd4 41. Kxd4 Kc6 42. a5 Kd6 0-1

[Event "Kalamazoo Mini-Swiss.1"]
[Site "Kalamazoo, MI"]
[Date "1998.??.??"]
[Round "?"]
[White "Henderson, H."]
[Black "Beckwith, Stan"]
[Result "1-0"]
[WhiteElo "1770"]
[BlackElo "1770"]
[PlyCount "102"]
[EventDate "1998.??.??"]

1. d4 Nf6 2. c4 g6 3. Nc3 d5 4. cxd5 Nxd5 5. Nf3 Bg7 6. Qb3 Nb6 7. Bf4 Nc6 8.
Rd1 e6 9. e3 O-O 10. Be2 Qe7 11. O-O Rd8 12. Bg5 f6 13. Bh4 Kh8 14. Ne5 Nxe5
15. dxe5 Bd7 16. Bf3 Rab8 17. Qc2 g5 18. exf6 Bxf6 19. Bg3 e5 20. Be4 c6 21.
Ne2 Be6 22. b3 Nd5 23. Nc3 Rbc8 24. Rd2 h5 25. h3 h4 26. Bh2 g4 27. hxg4 Bxg4
28. Bxd5 cxd5 29. Qg6 Qg7 30. Qxg7+ Kxg7 31. Nxd5 Rc5 32. Nxf6 Rxd2 33. Nxg4 e4
34. Be5+ Kg6 35. Bd4 Rcc2 36. Ne5+ Kf5 37. Nc4 Re2 38. Nd6+ Ke6 39. Nxe4 b6 40.
Kh2 Kf5 41. Nd6+ Ke6 42. Ne4 Kf5 43. Nc3 Red2 44. e4+ Ke6 45. Nb5 Rxa2 46. Be3
Rd3 47. Nd4+ Ke5 48. Kh3 Kxe4 49. Kxh4 Rxd4 50. Bxd4 Kxd4 51. g4 Ke5 {
[Remainder unavalable]} 1-0

[Event "Kalamazoo Mini-Swiss.1"]
[Site "Kalamazoo, MI"]
[Date "1998.??.??"]
[Round "?"]
[White "Henderson, H."]
[Black "Anthony, James"]
[Result "1-0"]
[WhiteElo "1770"]
[BlackElo "1605"]
[PlyCount "59"]
[EventDate "1998.??.??"]

1. d4 d6 2. c4 Nf6 3. Nc3 e6 4. e4 Be7 5. f4 c6 6. Nf3 Nbd7 7. Be2 O-O 8. O-O
Ne8 9. e5 f6 10. Ne4 d5 11. Ng3 dxc4 12. Bxc4 Nb6 13. Bb3 Nd5 14. Bd2 Nec7 15.
Rc1 Bd7 16. Nh5 Be8 17. exf6 Nxf6 18. Nxf6+ Bxf6 19. Bc3 Nd5 20. Qd2 Bf7 21.
Ne5 Kh8 22. Bc2 Qe8 23. Qd3 g6 24. Qh3 Bxe5 25. fxe5 Qe7 26. Bd2 Be8 27. Rxf8+
Qxf8 28. Rf1 Qe7 29. Qh6 Qg7 30. Rf8+ 1-0

[Event "U.S. Amateur North"]
[Site "Detroit, MI"]
[Date "1998.??.??"]
[Round "?"]
[White "Hayley, Robert"]
[Black "Hooker, Larry"]
[Result "0-1"]
[WhiteElo "1605"]
[BlackElo "1605"]
[PlyCount "118"]
[EventDate "1998.05.??"]

{5/24} 1. e4 e5 2. Nf3 Nc6 3. Nc3 Nf6 4. Bc4 Be7 5. O-O d6 6. d4 Bg4 7. d5 Nd4
8. Be2 Nxe2+ 9. Qxe2 O-O 10. Qe3 c6 11. b3 Qa5 12. Bd2 Qc7 13. Qd3 Rfe8 14. a4
Rac8 15. Rfe1 Nd7 16. Ng5 h6 17. Qg3 Nf6 18. Nf3 Qd7 19. h3 Nh5 20. Qxg4 Qxg4
21. hxg4 Nf6 22. Nh2 Bd8 23. Rac1 Ba5 24. Re3 cxd5 25. Rd1 d4 26. Nd5 Bxd2 27.
Rxd2 dxe3 28. Nxf6+ gxf6 29. fxe3 Rc6 30. c4 a6 31. Rf2 Kg7 32. Nf3 Rb8 33. Kh2
b5 34. axb5 axb5 35. cxb5 Rxb5 36. Nd2 Rc2 37. Kg3 Ra5 38. Nc4 Rxf2 39. Kxf2
Ra2+ 40. Kf3 Ra6 41. g3 Kg6 42. b4 Ra4 43. Nxd6 Rxb4 44. Nf5 Rb1 45. Ne7+ Kg5
46. Ng8 Rb7 47. Kg2 Kg6 48. Kh3 Kg7 49. Nxh6 Kxh6 50. Kh4 Rb4 51. Kh3 Kg5 52.
Kg2 Rxe4 53. Kf3 Rxg4 54. e4 f5 55. exf5 Kxf5 56. Kf2 Ke4 57. Kg2 Ke3 58. Kf1
Rxg3 59. Ke1 Rg1# 0-1